000 00628nam a2200193Ia 4500
005 20250508152134.0
008 008 250505s9999 xx 000 0 eng d
037 _aTextual
040 _aFEDL
_beng
_cFEDL
041 _aeng
_2eng
084 _a157.9, GAR
_qFEDL
100 _aGarfield Sol L.
245 0 _aIntroductory clinical psychology : An overview of the functions, methods, and problems of contemporary clinical psycholgy
260 _aNew York, USA
_bThe Macmillan Company
_c1957
300 _axiii,469p.
650 _aAbnormal Psychology
942 _cTEXL
_h157.9, GAR
999 _c1334512
_d1334512